<?xml version="1.0" encoding="UTF-8"?>
<record
    xmlns:xsi="http://www.w3.org/2001/XMLSchema-instance"
    xsi:schemaLocation="http://www.loc.gov/MARC21/slim http://www.loc.gov/standards/marcxml/schema/MARC21slim.xsd"
    xmlns="http://www.loc.gov/MARC21/slim">

  <leader>05866cam a22004814i 4500</leader>
  <controlfield tag="003">PE-LiUPU</controlfield>
  <controlfield tag="005">20250731173420.0</controlfield>
  <controlfield tag="008">150706s1997    miu     r     000 0 spa d</controlfield>
  <datafield tag="020" ind1=" " ind2=" ">
    <subfield code="a">9780825411151</subfield>
  </datafield>
  <datafield tag="035" ind1=" " ind2=" ">
    <subfield code="a">(Sirsi) i9780825411151</subfield>
  </datafield>
  <datafield tag="040" ind1=" " ind2=" ">
    <subfield code="a">PE-LiUPU</subfield>
    <subfield code="b">spa</subfield>
    <subfield code="c">PE-LiUPU</subfield>
    <subfield code="e">rda</subfield>
  </datafield>
  <datafield tag="049" ind1=" " ind2=" ">
    <subfield code="a">PRUA</subfield>
  </datafield>
  <datafield tag="082" ind1="0" ind2="4">
    <subfield code="a">251.02</subfield>
    <subfield code="b">PP</subfield>
    <subfield code="2">21</subfield>
  </datafield>
  <datafield tag="100" ind1="1" ind2=" ">
    <subfield code="a">Campbell, Roger F.,</subfield>
    <subfield code="d">1930- ,</subfield>
    <subfield code="e">autor.</subfield>
  </datafield>
  <datafield tag="245" ind1="1" ind2="0">
    <subfield code="a">Predique por un a&#xF1;o #2 :</subfield>
    <subfield code="b">104 bosquejos de sermones. Dos bosquejos completos para cada domingo del a&#xF1;o /</subfield>
    <subfield code="c">Roger Campbell .</subfield>
  </datafield>
  <datafield tag="264" ind1=" " ind2="1">
    <subfield code="a">Grand Rapids :</subfield>
    <subfield code="b">Editorial Portavoz,</subfield>
    <subfield code="c">1997.</subfield>
  </datafield>
  <datafield tag="300" ind1=" " ind2=" ">
    <subfield code="a">224 p&#xE1;ginas ;</subfield>
    <subfield code="c">22 cent&#xED;metros.</subfield>
  </datafield>
  <datafield tag="336" ind1=" " ind2=" ">
    <subfield code="a">text</subfield>
    <subfield code="2">rdacontent</subfield>
  </datafield>
  <datafield tag="337" ind1=" " ind2=" ">
    <subfield code="a">unmediated</subfield>
    <subfield code="2">rdamedia</subfield>
  </datafield>
  <datafield tag="338" ind1=" " ind2=" ">
    <subfield code="a">volume</subfield>
    <subfield code="2">rdacarrier</subfield>
  </datafield>
  <datafield tag="490" ind1="0" ind2=" ">
    <subfield code="a">Predique por un a&#xF1;o</subfield>
  </datafield>
  <datafield tag="505" ind1="0" ind2=" ">
    <subfield code="a">Enero -- &#xBF;Que tal s&#xED;?? &#xBF;Por qu&#xE9; no? -- D&#xF3;nde trazar la l&#xED;nea en el a&#xF1;o nuevo -- El gran plan de Dios para alcanzar al mundo (comienza la serie sobre la evangelizaci&#xF3;n) -- C&#xF3;mo redescubrir el "id" del evangelio -- El maestro en ganar almas -- La cosecha -- Se buscan camilleros -- &#xBF;A qui&#xE9;n le importa si un pecador se va al infierno? -- Febrero -- &#xBF;Ad&#xF3;nde se han ido todos los evangelistas? -- "No hemos sido salvos" (concluye la serie sobre la evangelizaci&#xF3;n) -- La oraci&#xF3;n de Jabes -- El Dios de nuestra fe -- &#xA1;Qu&#xE9; habla insensata! -- Las respuestas de Jes&#xFA;s a las preguntas de Job -- Levant&#xE1;ndose de la derrota -- Haced desmontes -- Marzo -- &#xBF;Qui&#xE9;n dicen ustedes que soy yo? (comienza la serie sobre la cruz) -- El camino al calvario -- Pedro niega a Cristo -- La oraci&#xF3;n m&#xE1;s dif&#xED;cil de elevar -- La decisi&#xF3;n de Pilato -- &#xBF;Barrab&#xE1;s o Cristo? -- "Lo que he escrito, he escrito" -- Un alma m&#xE1;s -- Abril -- El Rey viene -- Las multitudes ante la cruz (concluye la serie sobre la cruz) -- "&#xBF;Qui&#xE9;n nos remover&#xE1; la piedra? (comienza la serie sobre la resurrecci&#xF3;n) -- L&#xE1;grimas en la ma&#xF1;ana de resurrecci&#xF3;n -- Grandes garant&#xED;as en la resurrecci&#xF3;n de Cristo -- Corazones que arden -- Yendo a pescar -- "&#xBF;Por qu&#xE9; est&#xE1;is mirando?" (concluye la serie sobre la resurrecci&#xF3;n) -- Mayo -- El salmo 23, usted y yo -- Tres palabras que cambian la vida -- La viuda y su comida -- Lo que la madre de Mois&#xE9;s hizo por &#xE9;l -- El costo de una vida cristoc&#xE9;ntrica -- La pregunta acerca del compromiso -- Abel habla sobre el d&#xED;a de los ca&#xED;dos -- Los huesos de Jos&#xE9; -- Junio -- "Quisi&#xE9;ramos ver a Jes&#xFA;s" -- Temores infundados -- Lot: el hombre remol&#xF3;n -- La m&#xE1;s grande equivocaci&#xF3;n que podemos cometer -- No&#xE9;: un padre con &#xE9;xito -- Padre nuestro -- C&#xF3;mo transformar la tarea diaria en deleite divino -- Invitaci&#xF3;n a milagros -- Julio -- &#xBF;Qu&#xE9; nos hace libres? -- "&#xBF;D&#xF3;nde cay&#xF3;?" -- &#xBF;Qu&#xE9; hora es? (comienza la serie sobre profec&#xED;a) -- El misterio del rapto -- Oraci&#xF3;n del fin de los siglos -- La esperanza purificadora -- A&#xFA;n un poquito -- Resistiendo en los &#xFA;ltimos d&#xED;as -- Agosto -- La diferencia -- Lo mejor est&#xE1; todav&#xED;a por venir (concluye la serie sobre profec&#xED;a) -- Ayuda para los afligidos (serie sobre el llamado a Mois&#xE9;s) -- Cuando Dios llam&#xF3; a Mois&#xE9;s -- La incisiva pregunta de Dios al manso Mois&#xE9;s -- La persona que Dios escoge y usa (concluye la serie sobre el llamado a Mois&#xE9;s) -- Se arruin&#xF3; y lo hizo de nuevo -- Cuando un ser querido muere. Septiembre -- Edificar&#xE9; mi iglesia (comienza la serie sobre la iglesia primitiva) -- Se necesita una iglesia neotestamentaria -- La iglesia primitiva que marchaba y crec&#xED;a -- Organizando la iglesia primitiva -- Felipe: el di&#xE1;cono que pidi&#xF3; que lo llevar&#xE1;n -- Cristianos -- &#xBF;Cu&#xE1;l es la historia de las misiones? -- La iglesia que dej&#xF3; su primer amor (concluye la serie sobre la iglesia primitiva) -- Octubre -- Qu&#xE9; cosas dejar en la mesa del Se&#xF1;or -- El poder de la alabanza -- Las bodas de Can&#xE1; (Comienza la serie sobre los milagros) -- El hombre de la mano seca -- Al fin libre -- S&#xE9; limpio -- Alimentando a gente con hambre -- Pedro anda sobre las aguas -- Noviembre -- Toque el borde de su manto -- L&#xE1;zaro resucita (concluye la serie sobre los milagros) -- Necio de principio a fin (comienza la serie sobre las par&#xE1;bolas) -- El buen siervo y la gran cena -- El fariseo y el publicano -- El siervo inmisericorde (concluye la serie sobre las par&#xE1;bolas) -- &#xA1;Acci&#xF3;n de gracias de todas maneras! -- Canci&#xF3;n de acci&#xF3;n de gracias -- Diciembre -- Navidad con Isa&#xED;as (comienza la serie sobre el nacimiento de Cristo) -- Los descubrimientos de Mar&#xED;a -- &#xBF;Por qu&#xE9; un establo y no en una mansi&#xF3;n? -- Oh, pueblecito de Bel&#xE9;n -- &#xC1;ngeles y pastores -- Los sabios que perdieron al Salvador -- Del establo a la casa -- Las advertencias de Dios (concluye la serie sobre el nacimiento de Cristo) -- Quintos domingos -- La transfiguraci&#xF3;n -- Prep&#xE1;rate para venir al encuentro de tu Dios -- La mujer sorprendida en adulterio -- De perseguidor a predicador -- Del suicidio a la salvaci&#xF3;n -- El cielo: el lugar mejor -- La mujer que hizo lo que pudo -- Misi&#xF3;n cumplida -- &#xCD;ndice de textos b&#xED;blicos.</subfield>
  </datafield>
  <datafield tag="526" ind1=" " ind2=" ">
    <subfield code="a">SEG42</subfield>
  </datafield>
  <datafield tag="526" ind1=" " ind2=" ">
    <subfield code="a">SEG41</subfield>
  </datafield>
  <datafield tag="526" ind1=" " ind2=" ">
    <subfield code="a">SEG40</subfield>
  </datafield>
  <datafield tag="526" ind1=" " ind2=" ">
    <subfield code="a">SEG39</subfield>
  </datafield>
  <datafield tag="526" ind1=" " ind2=" ">
    <subfield code="a">P94</subfield>
  </datafield>
  <datafield tag="526" ind1=" " ind2=" ">
    <subfield code="a">P87</subfield>
  </datafield>
  <datafield tag="526" ind1=" " ind2=" ">
    <subfield code="a">P86</subfield>
  </datafield>
  <datafield tag="526" ind1=" " ind2=" ">
    <subfield code="a">P85</subfield>
  </datafield>
  <datafield tag="526" ind1=" " ind2=" ">
    <subfield code="a">P77</subfield>
  </datafield>
  <datafield tag="526" ind1=" " ind2=" ">
    <subfield code="a">P76</subfield>
  </datafield>
  <datafield tag="526" ind1=" " ind2=" ">
    <subfield code="a">P35</subfield>
  </datafield>
  <datafield tag="541" ind1=" " ind2=" ">
    <subfield code="g">001-0000583;</subfield>
  </datafield>
  <datafield tag="650" ind1="0" ind2="4">
    <subfield code="a">Sermones b&#xED;blicos.</subfield>
  </datafield>
  <datafield tag="700" ind1="1" ind2=" ">
    <subfield code="a">Mes&#xED;as, Miguel A.,</subfield>
    <subfield code="e">traductor.</subfield>
  </datafield>
  <datafield tag="910" ind1=" " ind2=" ">
    <subfield code="a">gl</subfield>
    <subfield code="c">jck</subfield>
    <subfield code="d">20120610</subfield>
  </datafield>
  <datafield tag="942" ind1=" " ind2=" ">
    <subfield code="2">ddc</subfield>
    <subfield code="c">BOOK</subfield>
  </datafield>
  <datafield tag="949" ind1=" " ind2=" ">
    <subfield code="a">251.02 PP 2</subfield>
    <subfield code="w">DEWEY</subfield>
    <subfield code="c">1</subfield>
    <subfield code="i">64916</subfield>
    <subfield code="l">CCODEBUL1</subfield>
    <subfield code="m">BUL</subfield>
    <subfield code="p">13.00</subfield>
    <subfield code="r">0</subfield>
    <subfield code="s">Y</subfield>
    <subfield code="t">BOOK</subfield>
    <subfield code="u">2015-7-6</subfield>
    <subfield code="x">TEOLOGIA</subfield>
    <subfield code="P">P35</subfield>
    <subfield code="o">.STAFF. Colecci&#xF3;n General</subfield>
  </datafield>
  <datafield tag="994" ind1=" " ind2=" ">
    <subfield code="a">C0</subfield>
    <subfield code="b">PEPRU</subfield>
  </datafield>
  <datafield tag="596" ind1=" " ind2=" ">
    <subfield code="a">1</subfield>
  </datafield>
  <datafield tag="999" ind1=" " ind2=" ">
    <subfield code="a">251.02 PP 2</subfield>
    <subfield code="w">DEWEY</subfield>
    <subfield code="c">53624</subfield>
    <subfield code="i">64916</subfield>
    <subfield code="d">53624</subfield>
    <subfield code="e">2018-4-10</subfield>
    <subfield code="f">2021-11-10</subfield>
    <subfield code="g">5</subfield>
    <subfield code="l">CCODEBUL1</subfield>
    <subfield code="m">BUL</subfield>
    <subfield code="n">3</subfield>
    <subfield code="p">13.00</subfield>
    <subfield code="q">1</subfield>
    <subfield code="r">0</subfield>
    <subfield code="s">Y</subfield>
    <subfield code="t">BOOK</subfield>
    <subfield code="u">2015-7-6</subfield>
    <subfield code="x">TEOLOGIA</subfield>
    <subfield code="P">P35</subfield>
    <subfield code="0">COMPRA</subfield>
    <subfield code="o">.STAFF. Colecci&#xF3;n Teolog&#xED;a</subfield>
  </datafield>
  <datafield tag="980" ind1=" " ind2=" ">
    <subfield code="8">1</subfield>
    <subfield code="g">ALBERTO SANCHEZ Responsable de Automatizaci&#xF3;n</subfield>
  </datafield>
  <datafield tag="952" ind1=" " ind2=" ">
    <subfield code="r">2025-12-03 00:00:00</subfield>
    <subfield code="i">6</subfield>
    <subfield code="l">3</subfield>
    <subfield code="o">251.02 PP 2</subfield>
    <subfield code="p">64916</subfield>
    <subfield code="s">2018-04-10</subfield>
    <subfield code="t">e1</subfield>
    <subfield code="v">18.00</subfield>
    <subfield code="w">2015-07-06</subfield>
    <subfield code="x">FT</subfield>
    <subfield code="y">BK</subfield>
    <subfield code="z">inventario-2023-12-13</subfield>
    <subfield code="1">0</subfield>
    <subfield code="2">ddc</subfield>
    <subfield code="5">0</subfield>
    <subfield code="7">0</subfield>
    <subfield code="8">GEN</subfield>
    <subfield code="f">P35</subfield>
    <subfield code="a">BUL</subfield>
    <subfield code="b">BUL</subfield>
    <subfield code="c">GEN</subfield>
    <subfield code="d">2015-07-06</subfield>
    <subfield code="e">COMPRA</subfield>
    <subfield code="g">13.00</subfield>
  </datafield>
</record>
